03594nam a2200433 4500003000500000005001700005007000300022008004100025020002200066040001700088082002800105100003300133245009000166250002200256264004100278300005500319336002700374337002700401338002800428500001800456505103800474520118501512534004902697650001902746650003202765650003302797700005102830942000802881942000802889942000802897942000802905942000802913942000802921942000802929942000802937942001002945999001902955952018602974CHAP20240130141827.0ta231020s2019 sp ao|||r|||| 001 0 sp d a978-84-200-1193-6 aZcCHAPerda00a636.39089bM38 20192201 973080aMatthews, Johneautor00aEnfermedades de la cabra /cJohn G. Matthews; traducción Jesús García Sánchez aSegunda edición 1aZaragoza, España:bAcribia, c2019 axi, 492 páginas: bilustraciones, fotografías  2rdacontentatextobtxt 2rdamediaasin mediobn 2rdacarrieravolumenbnc aej.1: consumo0 gCapítulo 1. Infertilidad de la hembra.-- Capítulo 2. Aborto.-- Capítulo 3. Infertilidad del macho.-- Capítulo 4. La cabra en el periodo del periparto.-- 5. Cabritos débiles.-- 6. Crecimiento inadecuado.-- Capítulo 7. Cojeras en las cabras adultas.-- Capítulo 8. Cojeras en cabritos.-- Capítulo 9. Pérdida crónica de peso.-- Capítulo 10. Abultamientos externos.-- Capítulo 11. Procesos de la piel.-- Capítulo12. Enfermedades nerviosas.-- Capítulo 13. Enfermedades de la glándula mamaria.-- Capítulo 14. Diarrea.-- Capítulo 15. Cólico.-- Capítulo 16. Distensión abdominal.-- Capítulo 17. Enfermedades respiratorias.-- Capítulo 18. Anemia.-- Capítulo 19. Muerte súbita, examen post mortem y eutanasia.-- Capítulo 20. Enfermedades de los ojos.-- Capítulo 21. Intoxicación por plantas.-- Capitulo 22. La cabra geriátrica.-- Capítulo 23. Sanidad y bioseguridad de la explotación.-- Anestesia.-- Capítulo 25. Desbotonado y descornado.-- Capítulo 26. Técnicas quirúrgicas  aEsta nueva edición de enfermedades de la cabra presenta numerosas actualizaciones y revisiones y constituye la herramienta ideal para el veterinario encargado del tratamiento de cabras. Este manual conciso y altamente práctico aborda todos los aspectos de la medicina caprina, desde la valoración y el examen inicial hasta el diagnóstico, el tratamiento y el control de cualquier enfermedad. Nuevo en esta edición: - Aporta información sobre predadores, eutanasia, técnica de necropsia y resolución de fracturas. - Recoge la última información sobre diversas enfermedades exóticas y sobre su diseminación geográfica en años recientes, incluyendo los brotes de tuberculosis y otras enfermedades previamente no observadas de las cabras domésticas. - Incluye una mayor cobertura de numerosos temas de interés para una audiencia internacional, especialmente en relación con plantas tóxicas. Compactada, práctica y totalmente actualizada, esta nueva edición de enfermedades de las cabras incrementa su reputación como una guía de referencia manejable e inestimable para veterinarios y todos aquellos implicados en la salud de las cabras. pTítulo original: Diseases of goat, 4a. ed.139137331aCabras179143023aCabras Enfermedades139137478aMedicina veterinaria1 9188182aGarcía Sánchez, Jesúsetraductor 2ddc 2ddc 2ddc 2ddc 2ddc 2ddc 2ddc 2ddc cLIBRO c219299d219299 00102ddc4051708GRALaZbZd2021-12-13eCompra por licitación Factura n. 237g1980.00iConsumol0o636.39089 M38 2019p5102007390r2023-10-23 00:00:00tEj.1w2023-10-23yLIBRO